| 000 | 00441nam a22001817a 4500 | ||
|---|---|---|---|
| 003 | CEME | ||
| 005 | 20210628205035.0 | ||
| 008 | 210203b xxu||||| |||| 00| 0 eng d | ||
| 020 | _a81-87570-88-1 | ||
| 040 | _c. | ||
| 082 | _a297 HAR | ||
| 100 |
_aYahya, Harun _973573 |
||
| 245 | _aThe nightmare of disbelief | ||
| 260 |
_aTURKEY _bGOODWORD _c2002 |
||
| 300 | _a170P | ||
| 650 |
_aTHE NIGHTMARE OF DISBELIEF _973574 |
||
| 942 |
_cBK _2ddc |
||
| 999 |
_c579265 _d579265 |
||